[Event "Bretagne-ch U18"]
[Site "Ploermel"]
[Date "2007.02.15"]
[Round "4"]
[White "Lample, Guillaume"]
[Black "Brucelle, Clement"]
[Result "1/2-1/2"]
[WhiteElo "1970"]
[BlackElo "2025"]
[PlyCount "41"]
[EventDate "2007.02.13"]
[EventType "tourn"]
[EventRounds "6"]
[EventCountry "FRA"]
[SourceTitle "EXT 2008"]
[Source "ChessBase"]
[SourceDate "2007.11.25"]
[SourceVersion "1"]
[SourceVersionDate "2007.11.25"]
[SourceQuality "1"]

1. e4 e5 2. d4 exd4 3. Nf3 Nc6 4. Nxd4 Nf6 5. Nc3 Bb4 6. Nxc6 bxc6 7. Bd3 0-0 8. 0-0 d5 9. f3 h6 10. a3 Bxc3 11. bxc3 Re8 12. exd5 cxd5 13. Rb1 Qd6 14. Kh1 Nd7 15. c4 d4 16. Be4 c6 17. c3 Nc5 18. Re1 Nxe4 19. fxe4 d3 20. c5 Qxc5 21. Qxd3 1/2-1/2

[Event "FRA-chT3 Gr06 0607"]
[Site "France"]
[Date "2006.11.26"]
[Round "3.6"]
[White "Brenneur, Roger"]
[Black "Brucelle, Clement"]
[Result "1-0"]
[WhiteElo "1947"]
[BlackElo "2034"]
[PlyCount "63"]
[EventDate "2006.10.15"]
[EventType "team"]
[EventRounds "9"]
[EventCountry "FRA"]
[SourceTitle "EXT 2008"]
[Source "ChessBase"]
[SourceDate "2007.11.25"]
[SourceVersion "1"]
[SourceVersionDate "2007.11.25"]
[SourceQuality "1"]
[WhiteTeam "Brest"]
[BlackTeam "Arradon"]
[WhiteTeamCountry "FRA"]
[BlackTeamCountry "FRA"]

1. Nf3 g6 2. g3 Bg7 3. Bg2 c5 4. e4 Nc6 5. Nc3 Nf6 6. 0-0 0-0 7. d3 d6 8. h3 Bd7 9. Be3 b5 10. Qd2 Rb8 11. Bh6 Ne5 12. Nh4 Qc8 13. Bxg7 Kxg7 14. f4 Nc6 15. f5 Ne5 16. g4 e6 17. Rf2 Bc6 18. Raf1 Qc7 19. Qe3 Nfd7 20. f6+ Kh8 21. Ne2 b4 22. g5 Qa5 23. Rf4 Qxa2 24. Nf3 Rg8 25. Rh4 Nf8 26. Nxe5 dxe5 27. Qxc5 Ba4 28. Qxe5 Rb5 29. Qc7 Rxg5 30. Qxf7 Qxb2 31. Qe7 h5 32. f7 1-0

[Event "Avoine op 21th"]
[Site "Avoine"]
[Date "2006.07.24"]
[Round "3"]
[White "Brucelle, Clement"]
[Black "Delaire, Eric"]
[Result "1-0"]
[WhiteElo "2045"]
[BlackElo "1879"]
[PlyCount "37"]
[EventDate "2006.07.22"]
[EventType "swiss"]
[EventRounds "9"]
[EventCountry "FRA"]
[SourceTitle "EXT 2007"]
[Source "ChessBase"]
[SourceDate "2006.11.23"]
[SourceVersion "1"]
[SourceVersionDate "2006.11.23"]
[SourceQuality "1"]

1. e4 e5 2. Bc4 Nf6 3. Nf3 Nxe4 4. Nc3 Nd6 5. Bb3 Nc6 6. 0-0 Be7 7. Re1 0-0 8. Nxe5 Nd4 9. Nd5 Bg5 10. d3 Bxc1 11. Rxc1 Nxb3 12. axb3 c6 13. Ne3 Ne8 14. Qf3 Nf6 15. Nf5 d6 16. Nc4 d5 17. Ne5 Be6 18. h4 Qc8 19. Ne7+ 1-0

[Event "Avoine op 21th"]
[Site "Avoine"]
[Date "2006.07.22"]
[Round "1"]
[White "Brucelle, Clement"]
[Black "Rihouay, Clement"]
[Result "0-1"]
[WhiteElo "2045"]
[BlackElo "2203"]
[PlyCount "102"]
[EventDate "2006.07.22"]
[EventType "swiss"]
[EventRounds "9"]
[EventCountry "FRA"]
[SourceTitle "EXT 2007"]
[Source "ChessBase"]
[SourceDate "2006.11.23"]
[SourceVersion "1"]
[SourceVersionDate "2006.11.23"]
[SourceQuality "1"]

1. e4 c5 2. Nc3 Nc6 3. f4 g6 4. Nf3 Bg7 5. Bb5 Nd4 6. Bd3 d6 7. Nxd4 cxd4 8. Ne2 e6 9. 0-0 Ne7 10. c3 Nc6 11. Kh1 0-0 12. Qa4 Bd7 13. cxd4 Nxd4 14. Qb4 Nxe2 15. Bxe2 Qc7 16. d4 a5 17. Qc3 Rfc8 18. Qd3 Qb6 19. e5 Bc6 20. b3 a4 21. Ba3 axb3 22. axb3 Bf8 23. exd6 Qd8 24. Bf3 Bxd6 25. Bxc6 bxc6 26. Bb2 Rxa1 27. Bxa1 Be7 28. Qc4 Qd6 29. g3 Rb8 30. Rc1 Bf6 31. Kg2 Ra8 32. b4 Ra4 33. Bc3 Be7 34. Qc5 Qd7 35. Qe5 Bxb4 36. Bxb4 Rxb4 37. Qe4 Rb2+ 38. Kg1 Qd5 39. Qxd5 cxd5 40. Ra1 Rd2 41. Ra4 Kg7 42. h3 Kf6 43. Kf1 Rh2 44. h4 h5 45. Ke1 Rg2 46. Ra3 Kf5 47. Ra7 f6 48. Ra3 Rc2 49. Re3 Rc4 50. Rd3 Ke4 51. Rd2 Rxd4 0-1

[Event "Bretagne-ch U18 op"]
[Site "Sarzeau"]
[Date "2006.02.24"]
[Round "6"]
[White "Brucelle, Clement"]
[Black "Stephan, Arthur"]
[Result "1-0"]
[WhiteElo "2031"]
[BlackElo "1750"]
[PlyCount "41"]
[EventDate "2006.02.21"]
[EventType "swiss"]
[EventRounds "6"]
[EventCountry "FRA"]
[SourceTitle "EXT 2007"]
[Source "ChessBase"]
[SourceDate "2006.11.23"]
[SourceVersion "1"]
[SourceVersionDate "2006.11.23"]
[SourceQuality "1"]

1. e4 e5 2. Bc4 Nf6 3. Nf3 Nc6 4. d4 exd4 5. e5 Ng4 6. Bf4 Bb4+ 7. c3 dxc3 8. bxc3 Bc5 9. 0-0 d6 10. exd6 Bxd6 11. Re1+ Ne7 12. Bg5 Bc5 13. Nd4 f6 14. Bh4 Ne5 15. Bb3 N5c6 16. Qh5+ g6 17. Qxc5 Nxd4 18. cxd4 g5 19. Bg3 h5 20. Bxc7 Qd7 21. Ba4 1-0

[Event "Bretagne-ch U18 op"]
[Site "Sarzeau"]
[Date "2006.02.23"]
[Round "5"]
[White "Brucelle, Clement"]
[Black "Abadou, Nessim"]
[Result "0-1"]
[WhiteElo "2031"]
[BlackElo "1900"]
[PlyCount "88"]
[EventDate "2006.02.21"]
[EventType "swiss"]
[EventRounds "6"]
[EventCountry "FRA"]
[SourceTitle "EXT 2007"]
[Source "ChessBase"]
[SourceDate "2006.11.23"]
[SourceVersion "1"]
[SourceVersionDate "2006.11.23"]
[SourceQuality "1"]

1. e4 e5 2. Bc4 Bc5 3. Nf3 Nc6 4. c3 Nf6 5. d3 d6 6. 0-0 0-0 7. Be3 Bb6 8. Nbd2 h6 9. d4 exd4 10. cxd4 Nxe4 11. Nxe4 d5 12. Bd3 dxe4 13. Bxe4 Ne7 14. Ne5 c6 15. Bc2 Bf5 16. Bb3 Nd5 17. Qf3 Be6 18. Bc2 Bc7 19. Rad1 Qh4 20. Bc1 Nb4 21. Bb1 Bxa2 22. Bxa2 Nxa2 23. g3 Qe7 24. Rfe1 Nxc1 25. Ng6 fxg6 26. Rxe7 Rxf3 27. Rxc7 Nd3 28. Rxb7 Raf8 29. Rb3 Nxf2 30. Rxf3 Nxd1 31. Ra3 Rf7 32. Ra6 Nxb2 33. Rxc6 Rd7 34. Ra6 Nd3 35. Ra4 Ne1 36. Kf2 Nc2 37. Ra2 Nxd4 38. Rd2 Rd8 39. Ra2 Rd7 40. Rd2 a5 41. g4 a4 42. Rd3 Rd6 43. Rc3 Ra6 44. Ke3 a3 0-1

[Event "FRA-chT3 0405"]
[Site "France"]
[Date "2005.04.03"]
[Round "9"]
[White "Brucelle, Clement"]
[Black "Vion, Jean Francois"]
[Result "1-0"]
[WhiteElo "1979"]
[BlackElo "2133"]
[PlyCount "67"]
[EventDate "2004.10.10"]
[EventType "team"]
[EventRounds "9"]
[EventCountry "FRA"]
[SourceTitle "EXT 2007"]
[Source "ChessBase"]
[SourceDate "2006.11.23"]
[SourceVersion "1"]
[SourceVersionDate "2006.11.23"]
[SourceQuality "1"]

1. e4 e5 2. Nf3 Nc6 3. Bc4 Bc5 4. c3 Qe7 5. 0-0 d6 6. d4 Bb6 7. a4 a6 8. a5 Ba7 9. Be3 Nf6 10. Nbd2 0-0 11. Re1 Bg4 12. Nf1 Nxe4 13. d5 Bxe3 14. Rxe3 Bxf3 15. Qxf3 Ng5 16. Qh5 Nd8 17. h4 Nge6 18. dxe6 Nxe6 19. Ng3 Nf4 20. Qg4 Rae8 21. Rae1 Qf6 22. Nh5 Qg6 23. Qxg6 Nxg6 24. f4 Nxh4 25. fxe5 Nf5 26. R3e2 Rxe5 27. Rxe5 dxe5 28. Rxe5 Nd6 29. Bd5 g6 30. Nf6+ Kg7 31. Nd7 Rd8 32. Re7 h5 33. Nc5 c6 34. Bb3 1-0

[Event "FRA-chT3 0405"]
[Site "France"]
[Date "2005.01.09"]
[Round "5"]
[White "Brucelle, Clement"]
[Black "Aurin, Manuel"]
[Result "0-1"]
[WhiteElo "1979"]
[BlackElo "2000"]
[PlyCount "78"]
[EventDate "2004.10.10"]
[EventType "team"]
[EventRounds "9"]
[EventCountry "FRA"]
[SourceTitle "EXT 2007"]
[Source "ChessBase"]
[SourceDate "2006.11.23"]
[SourceVersion "1"]
[SourceVersionDate "2006.11.23"]
[SourceQuality "1"]

1. e4 e6 2. d4 d5 3. Nd2 Nf6 4. e5 Nfd7 5. Bd3 c5 6. c3 Nc6 7. Ne2 Qb6 8. Nf3 Be7 9. 0-0 0-0 10. a3 cxd4 11. cxd4 f6 12. exf6 Nxf6 13. b4 Bd7 14. Bg5 Bd6 15. Nc3 a6 16. Rc1 Be8 17. Qe2 Kh8 18. Na4 Qd8 19. Nc5 Bxc5 20. dxc5 Qc7 21. Qxe6 Bd7 22. Qd6 Qxd6 23. cxd6 Ne8 24. Be7 Nxe7 25. dxe7 Rf6 26. Rc5 Bc6 27. Nd4 Nc7 28. Rfc1 Ne6 29. Re1 Nxc5 30. Nxc6 Re8 31. bxc5 bxc6 32. Bxa6 Rf7 33. f3 Rfxe7 34. Rxe7 Rxe7 35. Kf2 Ra7 36. Bc8 Kg8 37. a4 Kf7 38. a5 Rxa5 39. Bb7 Rxc5 0-1

[Event "FRA-chT3 0405"]
[Site "France"]
[Date "2004.12.05"]
[Round "4"]
[White "Illien, Jean Marc"]
[Black "Brucelle, Clement"]
[Result "0-1"]
[WhiteElo "2111"]
[BlackElo "1979"]
[PlyCount "106"]
[EventDate "2004.10.10"]
[EventType "team"]
[EventRounds "9"]
[EventCountry "FRA"]
[SourceTitle "EXT 2007"]
[Source "ChessBase"]
[SourceDate "2006.11.23"]
[SourceVersion "1"]
[SourceVersionDate "2006.11.23"]
[SourceQuality "1"]

1. e4 e5 2. Nf3 Nc6 3. Bb5 a6 4. Bxc6 dxc6 5. 0-0 f6 6. d4 exd4 7. Nxd4 c5 8. Nb3 Qxd1 9. Rxd1 Bd6 10. Na5 b5 11. a4 Ne7 12. axb5 axb5 13. Nc3 Nc6 14. Nb3 Rxa1 15. Nxa1 Ba6 16. Be3 c4 17. Nd5 b4 18. Bc5 Bxc5 19. Nxc7+ Ke7 20. Nxa6 Bd6 21. c3 b3 22. f4 Ra8 23. e5 fxe5 24. fxe5 Nxe5 25. Nb4 Bxb4 26. cxb4 Ke6 27. Kf1 Rb8 28. Ke2 Rxb4 29. Kd2 Rb5 30. Kc3 Rd5 31. Rd4 Kd6 32. h3 Kc5 33. Rxc4+ Nxc4 34. Nxb3+ Kb6 35. Kxc4 Rd1 36. Nd4 Rg1 37. g4 Rh1 38. Ne6 Rxh3 39. Nxg7 Rh4 40. Kd3 Rxg4 41. Nh5 Rb4 42. Nf6 Rh4 43. Ke3 Rh1 44. Kf4 Kb5 45. Kg5 Kb4 46. Ne4 Kb3 47. Kf6 Rg1 48. Ng5 h5 49. Kf5 h4 50. Nf3 h3 51. Kf4 Rg2 52. Nd4+ Kxb2 53. Kf3 Rg8 0-1

[Event "Morbihan-ch 0405"]
[Site "Arradon"]
[Date "2004.11.20"]
[Round "2"]
[White "Brucelle, Clement"]
[Black "Le Clanche, Joel"]
[Result "1-0"]
[WhiteElo "1979"]
[BlackElo "1850"]
[PlyCount "121"]
[EventDate "2004.10.10"]
[EventType "swiss"]
[EventRounds "7"]
[EventCountry "FRA"]
[SourceTitle "EXT 2007"]
[Source "ChessBase"]
[SourceDate "2006.11.23"]
[SourceVersion "1"]
[SourceVersionDate "2006.11.23"]
[SourceQuality "1"]

1. e4 c5 2. Nf3 d6 3. Bb5+ Bd7 4. Bxd7+ Qxd7 5. 0-0 Nc6 6. c3 d5 7. exd5 Qxd5 8. d4 e6 9. Bf4 Nf6 10. Qa4 Be7 11. dxc5 0-0 12. Rd1 Qxc5 13. Nbd2 Qf5 14. Nf1 Ne4 15. Bc7 Bc5 16. Bg3 a6 17. Re1 Ng5 18. Ne5 b5 19. Qf4 Qxf4 20. Bxf4 Nxe5 21. Bxe5 f5 22. Nd2 Rfd8 23. Bf4 Nf7 24. Rxe6 g5 25. Nb3 gxf4 26. Nxc5 Rd2 27. Rb1 Rad8 28. Kf1 Ng5 29. Ree1 f3 30. Nb3 R2d3 31. Nd4 Kf7 32. Rbd1 Rxd1 33. Rxd1 b4 34. gxf3 bxc3 35. bxc3 Nxf3 36. Ke2 Nxd4+ 37. Rxd4 Rb8 38. Ra4 Rb6 39. Kf3 Kf6 40. Kf4 Rc6 41. c4 h6 42. f3 h5 43. c5 Re6 44. Rb4 Re2 45. Rb6+ Kg7 46. Rxa6 Rc2 47. c6 Rxh2 48. Kxf5 Rf2 49. f4 h4 50. Kg4 Rc2 51. Kxh4 Kf6 52. Kg4 Rc5 53. c7+ Kg7 54. Ra7 Kh6 55. a4 Rc6 56. a5 Rc4 57. a6 Rc6 58. Rb7 Rc1 59. a7 Rg1+ 60. Kf5 Rg8 61. Rb8 1-0

[Event "FRA-chT3 0405"]
[Site "France"]
[Date "2004.11.06"]
[Round "2"]
[White "Bollore, Herve"]
[Black "Brucelle, Clement"]
[Result "1-0"]
[WhiteElo "2060"]
[BlackElo "1979"]
[PlyCount "53"]
[EventDate "2004.10.10"]
[EventType "team"]
[EventRounds "9"]
[EventCountry "FRA"]
[SourceTitle "EXT 2007"]
[Source "ChessBase"]
[SourceDate "2006.11.23"]
[SourceVersion "1"]
[SourceVersionDate "2006.11.23"]
[SourceQuality "1"]

1. e4 e5 2. f4 exf4 3. Nf3 d5 4. exd5 Nf6 5. Bc4 Nxd5 6. 0-0 Be7 7. d4 0-0 8. Bb3 c5 9. c4 Ne3 10. Bxe3 fxe3 11. d5 f5 12. Nc3 Bf6 13. Rc1 Qe7 14. Re1 f4 15. Qd3 g6 16. d6 Qe6 17. Ne4 Nd7 18. Ba4 Qf5 19. b4 Bg7 20. bxc5 Re8 21. c6 bxc6 22. Bxc6 Rb8 23. Rb1 Rxb1 24. Rxb1 Rd8 25. Nfg5 Nf6 26. c5 h6 27. Qc4+ 1-0

[Event "Morbihan-ch 0304"]
[Site "Morbihan"]
[Date "2004.03.06"]
[Round "5"]
[White "Tripoteau, Nicolas"]
[Black "Brucelle, Clement"]
[Result "1-0"]
[WhiteElo "2290"]
[BlackElo "1860"]
[PlyCount "55"]
[EventDate "2003.10.??"]
[EventType "swiss"]
[EventRounds "7"]
[EventCountry "FRA"]
[SourceTitle "EXT 2005"]
[Source "ChessBase"]
[SourceDate "2004.11.15"]
[SourceVersion "1"]
[SourceVersionDate "2004.11.15"]
[SourceQuality "1"]

1. d4 d5 2. Nf3 Nf6 3. e3 Bg4 4. c4 c6 5. cxd5 cxd5 6. Qb3 Qc7 7. Nc3 e6 8. Ne5 Nc6 9. Bb5 Bd6 10. f3 Bf5 11. f4 0-0 12. 0-0 a6 13. Be2 Nb4 14. Qd1 Ne4 15. g4 Bg6 16. a3 Nc6 17. Bf3 Ne7 18. Nxg6 fxg6 19. Nxe4 dxe4 20. Bxe4 g5 21. Qb3 gxf4 22. Qxe6+ Kh8 23. exf4 Rf6 24. Qb3 Bxf4 25. Qh3 Bxh2+ 26. Kg2 Qg3+ 27. Qxg3 Bxg3 28. Rxf6 1-0

[Event "Morbihan-ch 0304"]
[Site "Morbihan"]
[Date "2004.01.10"]
[Round "4"]
[White "Brucelle, Clement"]
[Black "Le Meur, Jean Yves"]
[Result "1-0"]
[WhiteElo "1860"]
[BlackElo "1620"]
[PlyCount "29"]
[EventDate "2003.10.??"]
[EventType "swiss"]
[EventRounds "7"]
[EventCountry "FRA"]
[SourceTitle "EXT 2005"]
[Source "ChessBase"]
[SourceDate "2004.11.15"]
[SourceVersion "1"]
[SourceVersionDate "2004.11.15"]
[SourceQuality "1"]

1. e4 e6 2. d4 c5 3. Nf3 cxd4 4. Nxd4 Nc6 5. Nb5 d6 6. Bf4 e5 7. Be3 a6 8. N5c3 Be6 9. Nd5 Bxd5 10. Qxd5 Nf6 11. Qb3 b5 12. Nc3 Ng4 13. Nd5 Ne7 14. Bb6 Qb8 15. Bxb5+ 1-0

[Event "Morbihan-ch 0304"]
[Site "Morbihan"]
[Date "2003.11.08"]
[Round "2"]
[White "Brucelle, Clement"]
[Black "Le Clanche, Marcel"]
[Result "1-0"]
[WhiteElo "1920"]
[BlackElo "1840"]
[PlyCount "63"]
[EventDate "2003.10.??"]
[EventType "swiss"]
[EventRounds "7"]
[EventCountry "FRA"]
[SourceTitle "EXT 2005"]
[Source "ChessBase"]
[SourceDate "2004.11.15"]
[SourceVersion "1"]
[SourceVersionDate "2004.11.15"]
[SourceQuality "1"]

1. e4 c5 2. Nf3 d6 3. Bb5+ Bd7 4. Bxd7+ Qxd7 5. 0-0 Nc6 6. c3 Nf6 7. Re1 g6 8. d4 cxd4 9. cxd4 Rc8 10. Nc3 Bg7 11. Be3 Ng4 12. Bf4 0-0 13. Qa4 a6 14. Rad1 Nb8 15. Qb3 b5 16. h3 Rc4 17. hxg4 Qxg4 18. Bg3 Nc6 19. e5 dxe5 20. Nxe5 Bxe5 21. Bxe5 Qf5 22. Nd5 Qc2 23. Qa3 Nxe5 24. dxe5 Re4 25. Nxe7+ Kg7 26. Qxa6 Rf4 27. Qb6 Ra8 28. Qe3 Raa4 29. Nd5 Rae4 30. Qg3 Rg4 31. Qf3 h5 32. Ne3 1-0

[Event "FRA-chT4 0203"]
[Site "Bretagne"]
[Date "2003.02.05"]
[Round "5"]
[White "Abgrall, Herve"]
[Black "Brucelle, Clement"]
[Result "1/2-1/2"]
[WhiteElo "1760"]
[BlackElo "1930"]
[PlyCount "69"]
[EventDate "2002.10.??"]
[EventType "team"]
[EventRounds "7"]
[EventCountry "FRA"]
[SourceTitle "EXT 2007"]
[Source "ChessBase"]
[SourceDate "2006.11.23"]
[SourceVersion "1"]
[SourceVersionDate "2006.11.23"]
[SourceQuality "1"]

1. d4 d5 2. Nf3 Nf6 3. c4 dxc4 4. Nc3 e6 5. e3 c5 6. Bxc4 Nc6 7. 0-0 Be7 8. Qd2 0-0 9. Rd1 Qc7 10. Qe2 cxd4 11. exd4 Rd8 12. Nb5 Qd7 13. Bf4 Nd5 14. Bg3 a6 15. Nc3 b5 16. Bd3 Bb7 17. Qe4 g6 18. Nxd5 Qxd5 19. Qxd5 Rxd5 20. Be4 Rd7 21. Bxc6 Bxc6 22. Ne5 Rd6 23. Nxc6 Rxc6 24. d5 exd5 25. Rxd5 Bf6 26. Be5 Bxe5 27. Rxe5 Rc2 28. b3 Rd8 29. a4 bxa4 30. bxa4 Rdd2 31. Rf1 Ra2 32. Ra5 Rd6 33. g3 Kf8 34. Re1 Rdd2 35. Rf1 1/2-1/2

[Event "Morbihan-ch 0102"]
[Site "Morbihan"]
[Date "2002.01.26"]
[Round "4"]
[White "Gueguen, Patrick"]
[Black "Brucelle, Clement"]
[Result "0-1"]
[WhiteElo "1499"]
[BlackElo "1780"]
[PlyCount "114"]
[EventDate "2001.10.20"]
[EventType "swiss"]
[EventRounds "7"]
[EventCountry "FRA"]
[SourceTitle "EXT 2005"]
[Source "ChessBase"]
[SourceDate "2004.11.15"]
[SourceVersion "1"]
[SourceVersionDate "2004.11.15"]
[SourceQuality "1"]

1. d4 Nf6 2. Nf3 e6 3. c4 c5 4. Nc3 cxd4 5. Qxd4 Nc6 6. Qd1 Bb4 7. Bg5 Bxc3+ 8. bxc3 d5 9. e3 Qa5 10. Bxf6 gxf6 11. Qc2 dxc4 12. Bxc4 0-0 13. 0-0 Qh5 14. Qe4 Kh8 15. Qh4 Qg6 16. Rfd1 Rg8 17. g3 e5 18. Rd6 Kg7 19. Rad1 Bg4 20. Bxf7 Kxf7 21. Ng5+ Qxg5 22. Qxh7+ Rg7 23. Rd7+ Bxd7 24. Rxd7+ Kf8 25. Qh8+ Rg8 26. Qh7 Qg6 27. Qh4 b6 28. Qc4 Ne7 29. Qa6 Qb1+ 30. Kg2 Qe4+ 31. Kg1 Qc6 32. Qd3 Qe6 33. Rd6 Qf7 34. a4 Kg7 35. Rd7 Qe8 36. Qf5 Qf7 37. Qg4+ Kf8 38. Qb4 Rg7 39. Qe4 Re8 40. Rxa7 Qd5 41. Qb4 Qc5 42. Qb3 Nd5 43. Rxg7 Kxg7 44. c4 Ne7 45. h4 Rc8 46. h5 Qxc4 47. Qxb6 Qxa4 48. Qe6 Qd1+ 49. Kg2 Qd5+ 50. Qxd5 Nxd5 51. e4 Nc3 52. f3 Kh6 53. g4 Kg5 54. Kg3 Ne2+ 55. Kf2 Nf4 56. Kg3 Rc2 57. h6 Rg2# 0-1

[Event "Morbihan-ch 0102"]
[Site "Morbihan"]
[Date "2002.01.12"]
[Round "3"]
[White "Brucelle, Clement"]
[Black "Padelli, Mael"]
[Result "0-1"]
[WhiteElo "1780"]
[BlackElo "1740"]
[PlyCount "68"]
[EventDate "2001.10.20"]
[EventType "swiss"]
[EventRounds "7"]
[EventCountry "FRA"]
[SourceTitle "EXT 2005"]
[Source "ChessBase"]
[SourceDate "2004.11.15"]
[SourceVersion "1"]
[SourceVersionDate "2004.11.15"]
[SourceQuality "1"]

1. e4 c5 2. Nf3 d6 3. Bb5+ Bd7 4. Bxd7+ Nxd7 5. 0-0 Ngf6 6. Re1 g6 7. c3 Bg7 8. d4 0-0 9. Bg5 cxd4 10. cxd4 d5 11. e5 Ne4 12. Nbd2 Nxg5 13. Nxg5 e6 14. Ngf3 Qb6 15. Nb3 Rfc8 16. Qd2 Bf8 17. Rec1 Rc6 18. Rxc6 bxc6 19. Qf4 h6 20. Rc1 Rc8 21. Qd2 c5 22. dxc5 Nxc5 23. Qe3 Rc7 24. Qc3 Nxb3 25. Qxc7 Nxc1 26. Qxc1 Bc5 27. Qd2 Kg7 28. a3 a5 29. Ne1 Bd4 30. Nd3 a4 31. Qb4 Qxb4 32. axb4 Bxb2 33. b5 a3 34. Nb4 Bc3 0-1

[Event "Morbihan-ch 0102"]
[Site "Morbihan"]
[Date "2001.11.24"]
[Round "2"]
[White "Le Borgne, Pierre"]
[Black "Brucelle, Clement"]
[Result "1-0"]
[WhiteElo "2121"]
[BlackElo "1750"]
[PlyCount "53"]
[EventDate "2001.10.20"]
[EventType "swiss"]
[EventRounds "7"]
[EventCountry "FRA"]
[SourceTitle "EXT 2005"]
[Source "ChessBase"]
[SourceDate "2004.11.15"]
[SourceVersion "1"]
[SourceVersionDate "2004.11.15"]
[SourceQuality "1"]

1. e4 e5 2. Nf3 Nc6 3. c3 Nf6 4. d3 Bc5 5. Be2 d5 6. Nbd2 0-0 7. 0-0 Be6 8. b4 Bd6 9. a3 a5 10. Bb2 Ne7 11. exd5 Nexd5 12. c4 Nf4 13. c5 Be7 14. Nxe5 N6d5 15. c6 b6 16. b5 f6 17. Nec4 Bf5 18. d4 Nd3 19. Bxd3 Bxd3 20. Re1 Re8 21. Qf3 Bg6 22. Ne3 Nxe3 23. fxe3 Bd3 24. e4 Bxb5 25. Qb3+ Kh8 26. Qxb5 Bd6 27. Nf3 1-0